| 000 | 00504nam a22001817a 4500 | ||
|---|---|---|---|
| 005 | 20240430152829.0 | ||
| 008 | 240430b |||||||| |||| 00| 0 eng d | ||
| 020 | _a9788173197604 | ||
| 082 |
_a612 _bPAR-S |
||
| 100 | _aParmar N.S | ||
| 245 |
_aScreening Methods in Pharmacology / _cParmar N.S, Shiv Prakash |
||
| 260 |
_aindia : _bN K Mehra : _c2013. |
||
| 300 |
_axiii,427p. _bill ; _c24cm. |
||
| 500 | _ainclude index . | ||
| 650 | _aMedical / Pharmacology | ||
| 700 | _aShiv Prakash | ||
| 999 |
_c35644 _d35644 |
||